000 00285nam a22001217a 4500
020 _a9789381421543
082 _a302.2345
100 _aPawan Kumar Saxena
245 _aTelevision and social change
260 _aNew Delhi
_bRandom publications
_c2011
300 _a304p
942 _cBK
999 _c2855
_d2855